Kerala sahithya charithram (v.2)/ (Record no. 181938)

000 -LEADER
fixed length control field 00504nam a22001691a 4500
020 ## - INTERNATIONAL STANDARD BOOK NUMBER
ISBN 9788193036846
082 ## - DEWEY DECIMAL CLASSIFICATION NUMBER
Classification number M09
Item number ULL/K.2
100 ## - MAIN ENTRY--AUTHOR NAME
Personal name Ulloor S Parameswara Iyer
245 ## - TITLE STATEMENT
Title Kerala sahithya charithram (v.2)/
Statement of responsibility, etc by Ulloor S Parameswara Iyer
250 ## - EDITION STATEMENT
Edition statement 6th.
260 ## - PUBLICATION, DISTRIBUTION, ETC. (IMPRINT)
Place of publication Thiruvananthapuram:
Name of publisher Department of Publication, University of Kerala,
Year of publication 2015.
300 ## - PHYSICAL DESCRIPTION
Number of Pages 979p.
650 ## - SUBJECT ADDED ENTRY--TOPICAL TERM
Topical Term Literature Malayalam History
650 ## - SUBJECT ADDED ENTRY--TOPICAL TERM
Topical Term Literature Malayalam
650 ## - SUBJECT ADDED ENTRY--TOPICAL TERM
Topical Term Literature
942 ## - ADDED ENTRY ELEMENTS (KOHA)
Koha item type Book
Holdings
Withdrawn status Lost status Damaged status Not for loan Permanent Location Current Location Shelving location Date acquired Cost, normal purchase price Full call number Accession Number Price effective from Koha item type
        Sree Sankaracharya University of Sanskrit Sree Sankaracharya University of Sanskrit Reference 02.06.2026 1000.00 R M09 ULL/K.2 109110 02.06.2026 Reference
        Sree Sankaracharya University of Sanskrit Sree Sankaracharya University of Sanskrit Reference 02.06.2026 1000.00 R M09 ULL/K.2 109953 02.06.2026 Reference